Get the Picture: HIMYM or The Big Bang Theory Quiz Stats

 Plays Quiz Updated Jun 28, 2019

Score 0/16 Timer 02:00
0 Plays Today
Question Answer Wrong Answers
Raj Koothrappali The Big Bang Theory
94.9%
HIMYM
1.8%
Leonard Hofstadter The Big Bang Theory
94.8%
HIMYM
1.9%
Howard Wolowitz The Big Bang Theory
94.6%
HIMYM
2.1%
Ted Mosby HIMYM
94.2%
The Big Bang Theory
2.6%
Barney Stinson HIMYM
93.5%
The Big Bang Theory
3.4%
Amy Farrah Fowler The Big Bang Theory
93.4%
HIMYM
3.4%
Marshall Eriksen HIMYM
93.3%
The Big Bang Theory
3.5%
Robin Scherbatsky HIMYM
92.3%
The Big Bang Theory
4.5%
Barry Kripke The Big Bang Theory
87.9%
HIMYM
8.9%
Stuart Bloom The Big Bang Theory
86.4%
HIMYM
10.5%
Wendy the Waitress HIMYM
85.4%
The Big Bang Theory
11.4%
Tracy McConnell HIMYM
84.6%
The Big Bang Theory
12%
Mickey Aldrin HIMYM
84%
The Big Bang Theory
12.6%
Bert Kibbler The Big Bang Theory
69.6%
HIMYM
27%
Ranjit Singh HIMYM
59.8%
The Big Bang Theory
37%
Emily Sweeney The Big Bang Theory
58.8%
HIMYM
38%

Today's Daily Dose

Missing Word
Celine Dion

Word Ladder
Dr. Seuss Books

Quick Pick
Cities in India

Get the Picture
'A' Actresses

You're not logged in!

Compare scores with friends on all Sporcle quizzes.
OR
Log In

Sporcle TV

Today on Sporcle TV


Watch our educational content, quiz creation guides, and fun videos on Sporcle TV.

Show Comments

Extras

Top Quizzes Today


Score Distribution

Your Account Isn't Verified!

In order to create a playlist on Sporcle, you need to verify the email address you used during registration. Go to your Sporcle Settings to finish the process.

Report this User

Report this user for behavior that violates our Community Guidelines.

Details: